000 00325nam a2200133Ia 4500
008 240624s9999 xx 000 0 und d
041 _aeng
082 _a828 BAN
100 _aBANSAL RASHMI
245 _aSTAY HUNGRY STAY FOOLISH
260 _c2008
_aAhmedabad
_bIIM Ahmedabad
300 _a325 : p. : cm. ; 21
365 _cRS
999 _c28735
_d28735